000 02125nam0a2200385 4500
001 RU\NLR\bibl\276462
005 20260407074419.0
021 _aRU
_b2002-3361
_9161
035 _a(NLR Aleph) 000271979
090 _a1590471
_c1590471
100 _a20020426d1997 |||y0rusy50 ca
101 0 _arus
102 _aRU
105 _ay |||||||||
200 1 _aПроблемы преподавания гуманитарных и социально-экономических дисциплин в условиях перехода на ГОС РФ
_eМатериалы науч.-метод. конф., [4-5 нояб. 1996 г.
_fРедкол.: М. М. Фомин и др.]
210 _aЯкутск
_cИзд-во ЯГУ
_d1997
215 _a171 с.
_d20
225 1 _aСборник научных трудов
300 _aВ надзаг.: М-во общ. и проф. образования Рос. Федерации, Якут. гос. ун-т им. М. К. Аммосова
606 0 _aГуманитарные науки
_jСборники
_xМетодика преподавания
_92198551
_3RU\NLR\auth\661321253
606 0 _aГуманитарные науки
_jСъезды, совещания и т.п.
_xПреподавание
_92198553
_3RU\NLR\auth\661321254
610 0 _aОбщественные науки - Методика преподавания
675 _a372.800.9(082)
_v3
_zrus
686 _a14
_2rugasnti
686 _a74.266.0
_2rubbk
686 _aЧ486.302-2
686 _aЧ426.302-2
702 1 _4340
_7ca
_8rus
_aФомин
_bМ. М.
_cд-р пед. наук
_f1947-
_gМихаил Матвеевич
_992313
_3RU\NLR\auth\77109388
711 0 2 _aЯкутский государственный университет им. М. К. Аммосова
_bНаучно-методическая конференция профессорско-преподавательского состава
_f1996
_9575766
_3RU\NLR\AUTH\8810038449
801 0 _aRU
_bRKP
_c20020426
_gPSBO
801 1 _aRU
_bRKP
_c20020426
801 2 _aRU
_bNLR
_c20120306
_grcr
942 _cBOOK
980 _aNB